| 000 | 00359nam a22001577a 4500 | ||
|---|---|---|---|
| 999 |
_c13362 _d13362 |
||
| 003 | MAJU-Karachi | ||
| 005 | 20220720105740.0 | ||
| 008 | 220720b ||||| |||| 00| 0 eng d | ||
| 020 | _a9781408855652 | ||
| 040 | _cdlc | ||
| 050 |
_a813.6 _b10426 |
||
| 082 |
_a813.6 _b10426 |
||
| 100 | _aKhaled Hosseini | ||
| 245 | _aThe Kite Runner | ||
| 942 |
_2ddc _cE-L |
||